000 00404nam a2200145Ia 4500
008 220217s9999||||xx |||||||||||||| ||und||
020 _a0-07-462498-9
082 _a621.381 ZBA
100 _aZbar, Paul, B Malvino, Albert Paul
_92137
245 0 _aBasic electronics: a text lab manual
250 _a7th
260 _aTata mcgraw hill
_bNew Delhi
_c2001
300 _b220
650 _aELECTRONICS
999 _c168333
_d168333